La piedra lunar

সংরক্ষণ করুন:
গ্রন্থ-পঞ্জীর বিবরন
প্রধান লেখক: Collins, Wilkie (Author)
বিন্যাস: গ্রন্থ
ভাষা:স্প্যানিশ
প্রকাশিত: Barcelona Alba 2011
সংস্করন:1a. ed
মালা:Clásica Maior, 50
বিষয়গুলি:
ট্যাগগুলো: ট্যাগ যুক্ত করুন
কোনো ট্যাগ নেই, প্রথমজন হিসাবে ট্যাগ করুন!

MARC

LEADER 00000cam a2200000 a 4500
001 UCF2092
003 CL-VaPUC
008 120810e20110000SP |||||||||||||||||spa|d
020 |a 9788484285977 
082 0 4 |a 823  |b COL  |2 21 
100 0 |a Collins, Wilkie  |e author  |9 563702 
245 1 3 |a La piedra lunar 
250 |a 1a. ed 
300 |a 526 p 
942 |c BK 
945 |d 20120810 00:00:00  |a cmena 
260 |a Barcelona  |b Alba  |c 2011 
650 0 |a Novelas inglesas  |9 265220 
650 0 |a Literatura inglesa  |9 312907 
583 |a last modification  |c 20120810 11:35:00  |k Rodrigo Vera 
490 0 |a Clásica Maior, 50 
999 |c 348751  |d 348749 
952 |0 0  |1 0  |4 0  |6 823_000000000000000_COL_2011  |7 0  |8 A  |9 450909  |a BIBING  |b BIBING  |d 2019-11-22  |i 488406K  |l 2  |o 823 COL 2011  |p 488406K  |r 2025-01-20  |s 2023-11-20  |w 2019-11-22  |y BK  |k CUI